[Event "I Miedzynarodowy Festiwal Szachowy "Puchar Baltyku" - Open A"]
[Site "Darlowko"]
[Date "1899-12-30"]
[Round "7.1"]
[White "Kanarek, Marcel"]
[Black "Shishkin, Vadim"]
[Result "1/2-1/2"]
[WhiteTitle "GM"]
[BlackTitle "GM"]
[WhiteElo "2530"]
[BlackElo "2454"]

1. e4 c5 2. Nf3 Nc6 3. d4 cxd4 4. Nxd4 e6 5. Nc3 Qc7 6. Be2 Nf6 7. Be3 Be7 8. f4
d6 9. Qd2 a6 10. O-O-O O-O 11. g4 Nxd4 12. Bxd4 e5 13. Be3 Bxg4 14. Bxg4 Nxg4
15. Nd5 Qd7 16. f5 Nf6 17. Rhg1 Nxd5 18. Qxd5 Kh8 19. Qxe5 f6 20. Qd5 Rac8 21.
Rg2 Rfd8 22. Bd4 Rg8 23. Rdg1 Qc6 24. c3 Qxd5 25. exd5 Rc7 26. Re1 Rd7 27. h4
h5 28. Kc2 Rf8 29. Re6 Kg8 30. c4 Kf7 31. Kd3 Rc8 32. b3 b5 33. Re1 bxc4+ 34.
bxc4 Rb7 35. Reg1 Bf8 36. Rb2 Rxb2 37. Bxb2 Rb8 38. Ba3 Ke8 39. Kd4 Kd7 40. Re1
Be7 41. Kc3 Rb7 42. Bb4 Rb8 43. Ba5 Rb7 44. Kc2 Bd8 45. Bxd8 Kxd8 46. Rb1 Rxb1
47. Kxb1 Ke7 48. Kc2 Kf7 49. c5 dxc5 50. Kd3 g5 51. fxg6+ Kxg6 52. d6 Kf7 53.
Kc4 Ke6 54. Kxc5 Kd7 55. Kd5 a5 56. a4 f5 57. Ke5 f4 58. Kxf4 Kxd6 59. Kg5 Ke6
60. Kxh5 Kf5 61. Kh6 Kf6 62. h5 Kf7 63. Kh7 Kf6 64. Kh6 Kf7 65. Kg5 Kg7 66. Kh4
Kh7 67. Kg5 Kg7 68. Kf5 Kh6 69. Ke5 Kxh5 70. Kd5 Kg5 71. Kc6 Kf6 72. Kb6 Ke6 73.
Kxa5 Kd7 74. Kb6 Kc8 75. a5 Kb8 76. a6 Ka8 77. a7 1/2-1/2

[Event "I Miedzynarodowy Festiwal Szachowy "Puchar Baltyku" - Open A"]
[Site "Darlowko"]
[Date "1899-12-30"]
[Round "7.2"]
[White "Goluch, Piotr"]
[Black "Kucza, Karol"]
[Result "0-1"]
[WhiteTitle "FM"]
[BlackTitle "FM"]
[WhiteElo "2252"]
[BlackElo "2278"]

1. d4 d5 2. c4 e6 3. Nf3 Nf6 4. g3 Be7 5. Bg2 O-O 6. O-O dxc4 7. Qc2 a6 8. a4 Bd7
9. Ne5 Bc6 10. Nxc6 Nxc6 11. e3 Na5 12. Nd2 c5 13. Nxc4 cxd4 14. Nxa5 Qxa5 15.
Bxb7 Rab8 16. Qc6 d3 17. Rd1 Rfd8 18. Bd2 Bb4 19. Bc3 Bxc3 20. bxc3 Ng4 21. Rab1
d2 22. Qe4 Qh5 23. h4 Nf6 24. Qf3 Qxf3 25. Bxf3 Rxb1 26. Rxb1 Ne4 27. c4 Nc3 28.
Rb3 d1=Q+ 29. Bxd1 Nxd1 30. Kf1 Kf8 31. Ke2 Ke7 32. Rb7+ Kd6 33. Rxf7 Nc3+ 34.
Kd3 Nxa4 35. Rxg7 Nc5+ 36. Kc2 Rd7 37. Rg8 a5 38. g4 Ra7 39. f4 a4 40. Kb2 a3+
41. Ka2 Ne4 42. Rd8+ Kc5 43. Rd3 Kb4 44. g5 Nc3+ 45. Ka1 Kxc4 46. Rd4+ Kb3 47.
Rd2 Nd5 48. Rd3+ Kc2 49. Rxd5 exd5 50. Ka2 Kd3 51. f5 Ke4 0-1

[Event "I Miedzynarodowy Festiwal Szachowy "Puchar Baltyku" - Open A"]
[Site "Darlowko"]
[Date "1899-12-30"]
[Round "7.3"]
[White "Kosakowski, Jakub"]
[Black "Kowalski, Igor"]
[Result "1/2-1/2"]
[WhiteTitle "FM"]
[BlackTitle "k+"]
[WhiteElo "2366"]
[BlackElo "2232"]

1. e4 c5 2. Nf3 e6 3. d3 d5 4. Qe2 Nf6 5. g3 Be7 6. Bg2 Nc6 7. O-O O-O 8. e5 Nd7
9. c4 dxc4 10. dxc4 Qc7 11. Bf4 Nd4 12. Nxd4 cxd4 13. h4 d3 14. Qxd3 Nxe5 15.
Qc3 f6 16. Re1 Qb6 17. Nd2 Ng4 18. Re2 e5 19. Be3 Nxe3 20. fxe3 Bg4 21. Rf2 Rfd8
22. Ne4 Rac8 23. Qb3 1/2-1/2

[Event "I Miedzynarodowy Festiwal Szachowy "Puchar Baltyku" - Open A"]
[Site "Darlowko"]
[Date "1899-12-30"]
[Round "7.4"]
[White "Budrewicz, Krzysztof"]
[Black "Simantsev, Mikhail"]
[Result "1-0"]
[WhiteTitle "m"]
[BlackTitle "GM"]
[WhiteElo "2190"]
[BlackElo "2486"]

1. d4 Nf6 2. c4 e6 3. Nf3 b6 4. a3 Bb7 5. Nc3 d5 6. cxd5 Nxd5 7. Qc2 Be7 8. e4
Nxc3 9. bxc3 O-O 10. Bd3 c5 11. O-O Qc7 12. Qe2 Nd7 13. Re1 Rfd8 14. Bb2 Rac8
15. a4 Nf8 16. h4 cxd4 17. cxd4 Bb4 18. Red1 Qf4 19. g3 Qg4 20. Qe3 Qh5 21. Ne5
f6 22. Be2 Qe8 23. Bb5 Qe7 24. Nf3 Qf7 25. Rac1 Qg6 26. Bd3 Qh5 27. Bc4 Qg4 28.
Bd3 Kh8 29. Kg2 Qh5 30. Kg1 Qe8 31. Qe2 Qe7 32. h5 h6 33. Nh4 Ba3 34. Rxc8 Rxc8
35. Ba1 Qd7 36. Bb5 Qf7 37. Qg4 Rd8 38. Bc4 Qd7 39. Bb3 Re8 40. Kh2 Bc6 41. Rd3
Bxa4 42. Bxe6 Qxe6 43. Qxe6 Nxe6 44. Rxa3 b5 45. f4 Rc8 46. d5 Rc2+ 47. Kh3 Nc5
48. e5 b4 49. Re3 fxe5 50. fxe5 b3 51. Rf3 Nd7 52. Rf4 Bb5 53. Rb4 Bf1+ 54. Kg4
Rc4+ 55. Rxc4 Bxc4 56. Ng6+ Kg8 57. Kf5 Bd3+ 58. Ke6 Nc5+ 59. Ke7 a5 60. d6 a4
61. Bb2 Bb5 62. Nf4 Nd7 63. e6 Nb8 64. d7 1-0

[Event "I Miedzynarodowy Festiwal Szachowy "Puchar Baltyku" - Open A"]
[Site "Darlowko"]
[Date "1899-12-30"]
[Round "7.5"]
[White "Nurkiewicz, Maciej"]
[Black "Lewtak, Damian"]
[Result "1/2-1/2"]
[WhiteTitle "m"]
[BlackTitle "m"]
[WhiteElo "2373"]
[BlackElo "2344"]

1. e4 c5 2. Nf3 Nf6 3. Nc3 Nc6 4. d4 d5 5. exd5 Nxd5 6. Bc4 Nxc3 7. bxc3 e6 8.
O-O Be7 9. Be3 O-O 10. Rb1 Qc7 11. Ng5 h6 12. Ne4 Rd8 13. Qg4 Kh8 14. Qh5 Bf8
15. Nxc5 b6 16. Ne4 Bb7 17. Bd3 Na5 18. Ng5 g6 19. Qh3 Kg8 20. Nf3 Bxf3 21. Qxf3
Qxc3 22. Qh3 Rac8 23. Rb5 Nc6 24. d5 exd5 25. Rxd5 Qf6 26. Rxd8 Rxd8 27. Bxh6
Qh8 28. Bxf8 Qxh3 29. gxh3 Kxf8 30. Rb1 Rd5 31. Rb3 Rc5 32. Ra3 Na5 33. Kg2 Ke7
34. Kg3 Rg5+ 35. Kf3 Rg1 36. h4 Rb1 37. Ra4 Rh1 38. Ke4 1/2-1/2

[Event "I Miedzynarodowy Festiwal Szachowy "Puchar Baltyku" - Open A"]
[Site "Darlowko"]
[Date "1899-12-30"]
[Round "7.6"]
[White "Szymczak, Zbigniew"]
[Black "Llaneza Vega, Marcos"]
[Result "0-1"]
[WhiteTitle "IM"]
[BlackTitle "IM"]
[WhiteElo "2154"]
[BlackElo "2424"]

1. d4 Nf6 2. Nf3 g6 3. c4 Bg7 4. g3 O-O 5. Bg2 d5 6. cxd5 Nxd5 7. O-O Nc6 8. Nc3
Bf5 9. Nh4 Be6 10. e4 Nxc3 11. bxc3 Bc4 12. Re1 e5 13. d5 Ne7 14. Ba3 Re8 15.
Bf1 Bxf1 16. Rxf1 b6 17. c4 c5 18. Bb2 Nc8 19. Qd3 Nd6 20. a4 Qc8 21. a5 Qa6 22.
Rfc1 bxa5 23. Ra4 Rab8 24. Ba3 Rec8 25. Qc3 Nxe4 26. Qxa5 Qb7 27. f3 Nd6 28. Bxc5
Qb3 29. Bf2 Bh6 30. Rca1 Nxc4 31. Qxa7 Nb2 32. Ra5 Nd3 33. R5a3 Qxd5 34. Rd1 Rb3
35. Qa6 Rcc3 36. Qa8+ Qxa8 37. Rxa8+ Kg7 38. Ra2 Nxf2 39. Kxf2 Bg5 0-1

[Event "I Miedzynarodowy Festiwal Szachowy "Puchar Baltyku" - Open A"]
[Site "Darlowko"]
[Date "1899-12-30"]
[Round "7.7"]
[White "Sabuk, Piotr"]
[Black "Chomczyk, Marek"]
[Result "1/2-1/2"]
[WhiteTitle "IM"]
[BlackTitle "k+"]
[WhiteElo "2368"]
[BlackElo "2174"]

1. d4 Nf6 2. c4 e6 3. g3 d5 4. Nf3 Be7 5. Bg2 O-O 6. O-O dxc4 7. Qc2 a6 8. a4 Bd7
9. Qxc4 Bc6 10. Bf4 Nbd7 11. Nc3 Nb6 12. Qd3 Nbd5 13. Bc1 Nxc3 14. bxc3 Be4 15.
Qe3 b5 16. Ba3 Bxa3 17. Rxa3 Qd5 18. Rfa1 Rfb8 19. axb5 axb5 20. h3 Rxa3 21. Rxa3
Ra8 22. Qc1 h6 23. Qb2 Ra4 24. Rb3 c6 25. Ne1 Bxg2 26. Nxg2 e5 27. Ne3 Qe6 28.
dxe5 Qxe5 29. c4 Qxb2 30. Rxb2 b4 31. c5 Ne4 32. Nc2 b3 33. Rxb3 Rc4 34. Rb8+
Kh7 35. Rb4 Rxc5 36. Rxe4 Rxc2 37. f4 Kg6 38. Kf2 Kf6 39. g4 g6 40. h4 Rc1 41.
Kf3 Kg7 42. Re8 Rf1+ 43. Kg3 Rg1+ 44. Kf3 Rf1+ 45. Kg3 Rg1+ 1/2-1/2

[Event "I Miedzynarodowy Festiwal Szachowy "Puchar Baltyku" - Open A"]
[Site "Darlowko"]
[Date "1899-12-30"]
[Round "7.9"]
[White "Szpar, Milosz"]
[Black "Antolak, Julia"]
[Result "1-0"]
[WhiteTitle "k"]
[BlackTitle "WFM"]
[WhiteElo "2241"]
[BlackElo "2144"]

1. e4 c5 2. Nf3 Nc6 3. Bb5 a6 4. Bxc6 dxc6 5. d3 Qc7 6. a4 b6 7. Be3 e5 8. Nbd2
a5 9. O-O Bd6 10. Nc4 Ne7 11. c3 b5 12. Nxd6+ Qxd6 13. d4 cxd4 14. cxd4 exd4 15.
Nxd4 b4 16. Rc1 Qg6 17. Qc2 O-O 18. f4 c5 19. f5 Qf6 20. Qxc5 Bb7 21. e5 Qh4 22.
Rf4 Qg5 23. Rf3 Qh4 24. Bf2 Qh5 25. Rh3 Qxh3 26. gxh3 Rac8 27. Nb5 Nxf5 28. Nc7
Rfd8 29. Qxa5 Rd7 30. Qb5 Rcxc7 31. Rxc7 Rd1+ 32. Be1 Rxe1+ 33. Kf2 1-0

[Event "I Miedzynarodowy Festiwal Szachowy "Puchar Baltyku" - Open A"]
[Site "Darlowko"]
[Date "1899-12-30"]
[Round "7.10"]
[White "Zaleski, Lukasz"]
[Black "Renkowski, Piotr"]
[Result "1-0"]
[WhiteTitle "k"]
[BlackTitle "k"]
[WhiteElo "2220"]
[BlackElo "2096"]

1. Nf3 d5 2. g3 c5 3. Bg2 Nc6 4. d4 Nf6 5. O-O e6 6. b3 cxd4 7. Nxd4 Bc5 8. Bb2
O-O 9. c4 Bxd4 10. Bxd4 dxc4 11. Bc5 Qxd1 12. Rxd1 cxb3 13. axb3 Rd8 14. Rxd8+
Nxd8 15. Bxa7 Bd7 16. Bd4 Rxa1 17. Bxa1 Bc6 18. f3 Nd7 19. Bd4 e5 20. Bf2 Ne6
21. Na3 Nd4 22. Bxd4 exd4 23. b4 Ne5 24. Kf2 f5 25. Nc2 d3 26. exd3 Ba4 27. Ne1
f4 28. Bh3 b5 29. Be6+ Kf8 30. Bd5 fxg3+ 31. hxg3 Ke7 32. Ke3 Kd6 33. Be4 Bb3
34. f4 Ng4+ 35. Kd4 Nf6 36. Ng2 Nh5 37. g4 Nf6 38. g5 Nxe4 39. dxe4 h5 40. f5
Bc2 41. Ke3 Ke5 42. Nf4 Bxe4 43. f6 gxf6 44. gxf6 Kxf6 45. Kxe4 h4 46. Nh3 Ke6
47. Ng1 Kd5+ 1-0

[Event "I Miedzynarodowy Festiwal Szachowy "Puchar Baltyku" - Open A"]
[Site "Darlowko"]
[Date "1899-12-30"]
[Round "7.11"]
[White "Oglaza, Oskar"]
[Black "Sliwicka, Alicja"]
[Result "0-1"]
[WhiteTitle "k"]
[BlackTitle "WFM"]
[WhiteElo "2197"]
[BlackElo "2164"]

1. e4 e6 2. d4 d5 3. Nd2 Nf6 4. e5 Nfd7 5. Bd3 c5 6. c3 Nc6 7. Ne2 cxd4 8. cxd4
f6 9. exf6 Qxf6 10. Nf3 h6 11. O-O Bd6 12. Ng3 O-O 13. Be3 Rd8 14. Nh5 Qe7 15.
Nf4 Nf8 16. Re1 Bd7 17. a3 Be8 18. Qd2 Qf6 19. Bb5 Ng6 20. Nh5 Qf5 21. Ng3 Qf7
22. Bd3 Nf4 23. Bc2 Rac8 24. Bxf4 Bxf4 25. Qd3 g6 26. Re2 Na5 27. Rae1 Rd6 28.
Nh4 Kg7 29. Nh5+ gxh5 30. Qh7+ Kf6 31. Qh8+ Ke7 32. Nf5+ Kd7 33. Nxd6 Bxd6 34.
Qxh6 Rxc2 35. Rxc2 Qg6 36. Qd2 Nb3 37. Qc3 Nxd4 38. Qc8+ Ke7 39. Rc7+ Kf8 40.
Rc3 Qg4 41. Rce3 Qf4 42. g3 Qf7 43. Kg2 h4 44. f4 Qf5 45. Rd1 Bxf4 46. gxf4 Qg4+
47. Kf2 Qxf4+ 48. Kg2 Qg4+ 49. Kf2 Qxd1 50. Qc5+ Kg8 51. Qc3 Bf7 52. Qa5 Qc2+
53. Kg1 Qc1+ 54. Kf2 Qxb2+ 55. Kg1 Qb1+ 56. Kg2 Qg6+ 57. Kh1 Qf6 58. Qe1 Bg6 59.
Qg1 Kf7 60. Qc1 Be4+ 61. Kg1 Qg5+ 62. Kf2 Qf4+ 63. Ke1 Nc2+ 0-1

[Event "I Miedzynarodowy Festiwal Szachowy "Puchar Baltyku" - Open A"]
[Site "Darlowko"]
[Date "1899-12-30"]
[Round "7.13"]
[White "Grela, Kacper"]
[Black "Fus, Jakub"]
[Result "1-0"]
[WhiteTitle "FM"]
[BlackTitle "I++"]
[WhiteElo "2310"]
[BlackElo "2071"]

1. e4 e6 2. d4 d5 3. Nd2 Nf6 4. e5 Nfd7 5. c3 c5 6. Bd3 Nc6 7. Ne2 cxd4 8. cxd4
f6 9. exf6 Qxf6 10. Nf3 h6 11. O-O Bd6 12. Ng3 O-O 13. Be3 Rd8 14. Nh5 Qf7 15.
Nh4 Nf6 16. Bg6 Qe7 17. f4 Bd7 18. Bd3 Nxh5 19. Qxh5 Qf6 20. Nf3 Be8 21. Qg4 Ne7
22. Ne5 Nf5 23. Rae1 a6 24. Rf3 Bb5 25. Bb1 Rac8 26. a3 Rf8 27. Bf2 Bb8 28. Rh3
Ba7 29. Qd1 Rfe8 30. g4 Nd6 31. g5 hxg5 32. Qh5 Qh6 33. Qg4 Qf6 34. fxg5 Qd8 35.
Qh5 Kf8 36. Qh8+ 1-0

[Event "I Miedzynarodowy Festiwal Szachowy "Puchar Baltyku" - Open A"]
[Site "Darlowko"]
[Date "1899-12-30"]
[Round "8.1"]
[White "Kucza, Karol"]
[Black "Kanarek, Marcel"]
[Result "0-1"]
[WhiteTitle "FM"]
[BlackTitle "GM"]
[WhiteElo "2278"]
[BlackElo "2530"]

1. e4 c5 2. Nf3 Nc6 3. d4 cxd4 4. Nxd4 g6 5. Nc3 Bg7 6. Be3 Nf6 7. Nxc6 bxc6 8.
e5 Ng8 9. Bd4 f6 10. f4 Qa5 11. Qd2 fxe5 12. fxe5 c5 13. Be3 Bxe5 14. Bc4 Nf6
15. O-O Rb8 16. Bf7+ Kd8 17. Bf4 Bxf4 18. Qxf4 Rxb2 19. Qe3 Rxc2 20. Rae1 Qxc3
21. Qxe7+ Kc7 22. Rd1 Ng4 23. Qd6+ Kd8 24. h3 Qe3+ 25. Kh1 Nf2+ 26. Kh2 Nxd1 27.
Qf6+ Kc7 28. Rxd1 Rd2 29. Rxd2 Qxd2 0-1

[Event "I Miedzynarodowy Festiwal Szachowy "Puchar Baltyku" - Open A"]
[Site "Darlowko"]
[Date "1899-12-30"]
[Round "8.2"]
[White "Shishkin, Vadim"]
[Black "Budrewicz, Krzysztof"]
[Result "1-0"]
[WhiteTitle "GM"]
[BlackTitle "m"]
[WhiteElo "2454"]
[BlackElo "2190"]

1. d4 Nf6 2. c4 g6 3. Nc3 Bg7 4. e4 d6 5. Be2 O-O 6. Nf3 e5 7. Be3 Ng4 8. Bg5 f6
9. Bh4 g5 10. Bg3 Nh6 11. dxe5 dxe5 12. Qxd8 Rxd8 13. h4 g4 14. Nd2 c6 15. O-O-O
Na6 16. Nb3 Be6 17. Na5 Rxd1+ 18. Rxd1 Rb8 19. a3 Bf8 20. Kc2 Nf7 21. b4 Nc7 22.
f3 gxf3 23. gxf3 Bc8 24. Bf2 Ra8 25. c5 Be7 26. Nxb7 Bxb7 27. Rd7 Kf8 28. Rxc7
Nd8 29. Bc4 Rc8 30. Rd7 Ra8 31. Be3 Ke8 32. Rd1 Bc8 33. b5 Be6 34. Rxd8+ 1-0

[Event "I Miedzynarodowy Festiwal Szachowy "Puchar Baltyku" - Open A"]
[Site "Darlowko"]
[Date "1899-12-30"]
[Round "8.3"]
[White "Goluch, Piotr"]
[Black "Kosakowski, Jakub"]
[Result "0-1"]
[WhiteTitle "FM"]
[BlackTitle "FM"]
[WhiteElo "2252"]
[BlackElo "2366"]

1. d4 Nf6 2. c4 g6 3. g3 Bg7 4. Bg2 O-O 5. Nf3 d6 6. O-O Nc6 7. Nc3 Rb8 8. Qd3
Bf5 9. e4 Bg4 10. Be3 Bxf3 11. Bxf3 Nd7 12. Ne2 Nde5 13. dxe5 Nxe5 14. Qc2 Nxf3+
15. Kg2 Ne5 16. Bxa7 Ra8 17. Bd4 c5 18. Bxe5 Bxe5 19. Rfd1 Qb6 20. Rd2 Qc6 21.
f3 b5 22. cxb5 Qxb5 23. a4 Qa5 24. f4 Bg7 25. Ra2 Rfb8 26. Nc3 Ra7 27. e5 dxe5
28. b3 exf4 29. Nb5 Ra6 30. Qxc5 Re6 31. b4 Qa8+ 32. Qd5 Re2+ 0-1

[Event "I Miedzynarodowy Festiwal Szachowy "Puchar Baltyku" - Open A"]
[Site "Darlowko"]
[Date "1899-12-30"]
[Round "8.4"]
[White "Llaneza Vega, Marcos"]
[Black "Zaleski, Lukasz"]
[Result "1-0"]
[WhiteTitle "IM"]
[BlackTitle "k"]
[WhiteElo "2424"]
[BlackElo "2220"]

1. e4 e6 2. d3 d5 3. Nd2 Nf6 4. Ngf3 Nc6 5. c3 e5 6. Be2 a5 7. a4 Bc5 8. O-O Ba7
9. Qc2 O-O 10. h3 h6 11. Re1 Re8 12. Nf1 dxe4 13. dxe4 Nh5 14. Ne3 Nf4 15. Bb5
Bxe3 16. Bxe3 Qf6 17. Nd2 Nxh3+ 18. gxh3 Bxh3 19. Bf1 Qh4 20. Bxh3 Qxh3 21. Bc5
Re6 22. Re3 Rg6+ 23. Rg3 Rxg3+ 24. fxg3 Qxg3+ 25. Kf1 Rd8 26. Ke2 Qg4+ 27. Nf3
Nd4+ 28. Bxd4 exd4 29. Rg1 Qf4 30. cxd4 g5 31. Qd3 f6 32. Qe3 Qd6 33. Qb3+ Kg7
34. Qxb7 h5 35. e5 Qe7 36. Qe4 g4 37. Nh4 Qe6 38. Rc1 fxe5 39. Rxc7+ Rd7 40. Rxd7+
Qxd7 41. Qxe5+ 1-0

[Event "I Miedzynarodowy Festiwal Szachowy "Puchar Baltyku" - Open A"]
[Site "Darlowko"]
[Date "1899-12-30"]
[Round "8.5"]
[White "Sliwicka, Alicja"]
[Black "Nurkiewicz, Maciej"]
[Result "0-1"]
[WhiteTitle "WFM"]
[BlackTitle "m"]
[WhiteElo "2164"]
[BlackElo "2373"]

1. e4 d6 2. d4 Nf6 3. Nc3 e5 4. Nf3 Nbd7 5. Bc4 Be7 6. O-O O-O 7. Re1 c6 8. a4
a5 9. Ba2 Qc7 10. h3 h6 11. Be3 Re8 12. dxe5 dxe5 13. Nh4 Nc5 14. Qf3 Be6 15.
Nf5 Bxa2 16. Rxa2 Ne6 17. Ne2 Rad8 18. Neg3 Ng5 19. Qe2 Bb4 20. c3 Bf8 21. Qc4
Qd7 22. Bb6 Ra8 23. h4 Qe6 24. Qxe6 Nxe6 25. Ne3 Bc5 26. Nc4 Bxb6 27. Nxb6 Ra6
28. Nc4 Nc5 29. f3 Nfd7 30. Nf5 Nd3 31. Rd1 N7c5 32. Kf1 Rea8 33. Nfd6 Rb8 34.
g3 b5 35. Na3 bxa4 36. Nac4 Nb3 37. Rxa4 Ndc5 38. Ra3 f6 39. Nf5 a4 40. Rd6 Kf7
41. Ke2 h5 42. Kd1 g6 43. Nfe3 Ke7 44. Kc2 Rd8 45. Rxd8 Kxd8 46. Nd2 Ra7 47. Ndc4
Rd7 48. Nf1 Kc7 49. Nfd2 Kb8 50. Ra2 Kb7 51. Ra3 Rd8 52. Nxb3 axb3+ 53. Kc1 Rd3
54. Nd2 Kc7 55. Ra7+ Kb8 56. Ra5 Re3 57. Kd1 Nd3 58. Nxb3 Rxf3 59. Ke2 Rxg3 60.
Nd2 Nxb2 61. Ra3 Rg2+ 62. Ke3 Nd1+ 63. Kd3 Rg3+ 64. Kc4 f5 65. exf5 gxf5 66. Ra1
Nxc3 67. Nf1 Rf3 68. Nd2 Re3 69. Nf1 Rh3 70. Ra3 Rh1 71. Ng3 Nb5 72. Rb3 Rh3 73.
Kc5 Kc7 74. Kc4 Rxh4+ 75. Kd4 0-1

[Event "I Miedzynarodowy Festiwal Szachowy "Puchar Baltyku" - Open A"]
[Site "Darlowko"]
[Date "1899-12-30"]
[Round "8.6"]
[White "Lewtak, Damian"]
[Black "Szpar, Milosz"]
[Result "1-0"]
[WhiteTitle "m"]
[BlackTitle "k"]
[WhiteElo "2344"]
[BlackElo "2241"]

1. e4 d6 2. d4 g6 3. Bd3 Bg7 4. Ne2 Nf6 5. f3 O-O 6. O-O c5 7. c3 Nc6 8. Be3 b6
9. a4 Bd7 10. Na3 Rb8 11. h3 cxd4 12. cxd4 Nb4 13. Bb5 a6 14. Bxd7 Qxd7 15. Qb3
a5 16. Rac1 Qb7 17. Rc3 Rfc8 18. Rfc1 Nd7 19. Nb5 Na6 20. Nf4 Bf8 21. h4 Rxc3
22. Qxc3 Nb4 23. Qc7 Bh6 24. Qxb7 Rxb7 25. Rc8+ Nf8 26. Kf1 Bxf4 27. Bxf4 Kg7
28. Ke2 Ne6 29. Bd2 Na6 30. Bc3 d5 31. g3 Nac7 32. Nxc7 Nxc7 33. Kd3 e6 34. Bd2
f6 35. g4 Na6 36. exd5 exd5 37. Rd8 Kf7 38. Rxd5 Ke6 39. Rb5 Nc7 40. Rb3 Nd5 41.
Bxa5 Ra7 42. Bxb6 Rxa4 43. Bc5 Ra1 44. Ra3 Rc1 45. Ra6+ Kf7 46. Ke4 1-0

[Event "I Miedzynarodowy Festiwal Szachowy "Puchar Baltyku" - Open A"]
[Site "Darlowko"]
[Date "1899-12-30"]
[Round "8.7"]
[White "Kowalski, Igor"]
[Black "Sabuk, Piotr"]
[Result "1/2-1/2"]
[WhiteTitle "k+"]
[BlackTitle "IM"]
[WhiteElo "2232"]
[BlackElo "2368"]

1. d4 e6 2. c4 f5 3. g3 Nf6 4. Bg2 c6 5. Nf3 d5 6. Nc3 Bd6 7. O-O O-O 8. cxd5 exd5
9. Ne1 h6 10. f3 c5 11. dxc5 Bxc5+ 12. Kh1 Nc6 13. Nd3 Be7 14. Bf4 Be6 15. Ne5
g5 16. Nxc6 bxc6 17. Be5 Nd7 18. Bd4 c5 19. Bg1 d4 20. Na4 Ne5 21. b4 cxb4 22.
Qxd4 Qxd4 23. Bxd4 Nc6 24. Bc5 Bxc5 25. Nxc5 Bc4 26. f4 Rac8 27. Nd7 Rfd8 28.
Nf6+ Kg7 29. fxg5 hxg5 30. Rxf5 Nd4 31. Rf2 Bxe2 32. Ne4 g4 33. Ng5 Rc2 34. Be4
Bf3+ 35. Rxf3 Nxf3 36. Bxc2 Nxg5 37. Rd1 Rxd1+ 38. Bxd1 Ne4 39. Kg1 Nc3 40. Bxg4
Nxa2 41. Kf2 a5 42. Ke3 b3 43. Kd2 Kf6 44. Bd7 Ke5 45. h4 Kd4 46. h5 Nc3 47. Bf5
Nd5 48. h6 Nf6 49. h7 Nxh7 50. Bxh7 a4 51. Bg8 Ke4 52. Ke2 Kd4 53. Kd2 Ke4 54.
Be6 Kf3 55. g4 Kf4 56. Kc3 Kg5 57. Kb2 Kf4 58. Ka3 Kg5 59. Bf5 Kf4 60. Kxa4 b2
61. Kb3 b1=Q+ 62. Bxb1 Kxg4 1/2-1/2

[Event "I Miedzynarodowy Festiwal Szachowy "Puchar Baltyku" - Open A"]
[Site "Darlowko"]
[Date "1899-12-30"]
[Round "8.8"]
[White "Simantsev, Mikhail"]
[Black "Walkusz, Witoslaw"]
[Result "1-0"]
[WhiteTitle "GM"]
[BlackTitle "FM"]
[WhiteElo "2486"]
[BlackElo "2160"]

1. d4 Nf6 2. c4 g6 3. f3 d5 4. cxd5 Nxd5 5. e4 Nb6 6. Nc3 Bg7 7. Be3 O-O 8. Qd2
Nc6 9. O-O-O Qd6 10. Nb5 Qd7 11. Kb1 Rd8 12. d5 a6 13. Nc3 Ne5 14. Bh6 Nec4 15.
Bxc4 Nxc4 16. Qc1 Qd6 17. Bxg7 Kxg7 18. Nge2 Bd7 19. h4 h5 20. Nd4 Ne5 21. Nce2
Qb6 22. Qc3 f6 23. Nf4 Rdc8 24. Nfe6+ Bxe6 25. Nxe6+ Kh7 26. g4 hxg4 27. f4 Nf7
28. h5 g5 29. e5 Rg8 30. Qc2+ Kh8 31. h6 gxf4 32. h7 Rg5 33. exf6 Rxd5 34. Qg6
1-0

[Event "I Miedzynarodowy Festiwal Szachowy "Puchar Baltyku" - Open A"]
[Site "Darlowko"]
[Date "1899-12-30"]
[Round "8.9"]
[White "Karpus, Michal"]
[Black "Grela, Kacper"]
[Result "1-0"]
[WhiteTitle "FM"]
[BlackTitle "FM"]
[WhiteElo "2291"]
[BlackElo "2310"]

1. e4 c5 2. Nf3 Nc6 3. d4 cxd4 4. Nxd4 Nf6 5. Nc3 d6 6. Bg5 e6 7. Qd2 a6 8. O-O-O
h6 9. Nxc6 bxc6 10. Bf4 d5 11. Qe3 Qe7 12. exd5 cxd5 13. Be2 Qa7 14. Qd3 Bd7 15.
g4 Qxf2 16. Rhf1 Qb6 17. h4 Bc6 18. Be5 Bc5 19. Bf3 Rg8 20. g5 hxg5 21. hxg5 Nd7
22. Qh7 Nxe5 23. Qxg8+ Bf8 24. Bxd5 exd5 25. Nxd5 Qa5 26. Rfe1 O-O-O 27. Rxe5
Bd6 28. Qxf7 Bxe5 29. Ne7+ Kb7 30. Ng6+ Rd7 31. Rxd7+ Bxd7 32. Qxd7+ Bc7 33. Qd2
Qxa2 34. Qb4+ Bb6 35. Qe4+ Kb8 36. Qb4 Kb7 37. Nf4 Qf7 38. Qe4+ Ka7 39. Nd5 Qf1+
40. Kd2 Qf2+ 41. Kd3 Qg3+ 42. Kc4 Qxg5 43. Qe6 Qh4+ 44. Kb3 Qd8 45. c4 Bd4 46.
Kc2 g5 47. Nb4 Qb6 48. Qd7+ Ka8 49. Qc8+ Qb8 50. Qxb8+ 1-0

[Event "I Miedzynarodowy Festiwal Szachowy "Puchar Baltyku" - Open A"]
[Site "Darlowko"]
[Date "1899-12-30"]
[Round "8.10"]
[White "Stachanczyk, Jacek"]
[Black "Krainski, Aleksander"]
[Result "1/2-1/2"]
[WhiteTitle "IM"]
[BlackTitle "FM"]
[WhiteElo "2224"]
[BlackElo "2172"]

1. e4 c6 2. d4 d5 3. Nc3 dxe4 4. Nxe4 Nd7 5. Nf3 Ngf6 6. Nxf6+ Nxf6 7. Ne5 Be6
8. Be2 g6 9. O-O Bg7 10. c3 O-O 11. a4 a5 12. Bg5 Ne4 13. Bf4 Nd6 14. Bg4 Bxg4
15. Nxg4 Nf5 16. Re1 Qd5 17. Ne3 Nxe3 18. Rxe3 Rfe8 19. Qe2 c5 20. dxc5 Qxc5 21.
Be5 Rad8 22. Bxg7 Kxg7 23. Re5 Rd5 24. Re1 b6 25. g3 e6 26. Rxd5 Qxd5 27. Qe5+
Qxe5 28. Rxe5 Rd8 29. Rb5 Rd6 30. Kf1 Kf6 31. Ke2 Ke7 32. c4 Rc6 33. b3 Kd7 34.
Ke3 1/2-1/2

[Event "I Miedzynarodowy Festiwal Szachowy "Puchar Baltyku" - Open A"]
[Site "Darlowko"]
[Date "1899-12-30"]
[Round "8.11"]
[White "Chomczyk, Marek"]
[Black "Garbowski, Jakub"]
[Result "1/2-1/2"]
[WhiteTitle "k+"]
[BlackTitle "k"]
[WhiteElo "2174"]
[BlackElo "2091"]

1. e4 e5 2. d4 exd4 3. Qxd4 Nc6 4. Qe3 Nf6 5. e5 Nd5 6. Qe4 Nb6 7. Nf3 Qe7 8. Nc3
Qb4 9. a3 Qxe4+ 10. Nxe4 Be7 11. Bf4 Nd5 12. Bg3 f5 13. exf6 Nxf6 14. Nxf6+ Bxf6
15. O-O-O d6 16. Bc4 Bg4 17. Bd5 O-O-O 18. h3 Bd7 19. Rhe1 Rhe8 20. Bh4 Rf8 21.
Bxf6 Rxf6 22. Rd2 Re8 23. Rxe8+ Bxe8 24. Re2 Bg6 25. Kd2 Kd7 26. Be4 Bxe4 27.
Rxe4 Ne7 28. Ke2 a6 29. Nd2 d5 30. Re3 c5 31. Rf3 Nf5 32. Kd3 Ke6 33. c4 b5 34.
cxd5+ Kxd5 35. Nf1 c4+ 36. Kc3 Nd6 37. Rxf6 Ne4+ 38. Kb4 gxf6 39. f3 Nc5 40. Ne3+
Kc6 41. g4 Nd3+ 42. Kc3 Nf4 43. h4 Kc5 44. b4+ cxb3 45. Kxb3 a5 46. a4 b4 47.
Nc4 Ne2 48. Nxa5 Nd4+ 49. Kb2 Nxf3 50. Nb7+ Kb6 51. Nd6 Ka5 52. Kb3 Nd2+ 53. Kc2
Nf3 54. Kb3 Nd2+ 1/2-1/2

[Event "I Miedzynarodowy Festiwal Szachowy "Puchar Baltyku" - Open A"]
[Site "Darlowko"]
[Date "1899-12-30"]
[Round "8.12"]
[White "Baum, Jonasz"]
[Black "Oglaza, Oskar"]
[Result "0-1"]
[WhiteTitle "k+"]
[BlackTitle "k"]
[WhiteElo "2085"]
[BlackElo "2197"]

1. Nf3 f5 2. d3 g6 3. e4 fxe4 4. dxe4 Bg7 5. Bc4 e6 6. Nc3 Ne7 7. Bg5 Nbc6 8. h4
h6 9. Be3 a6 10. a4 b6 11. Qe2 Na5 12. Ba2 Bb7 13. Rd1 Qc8 14. Bf4 d6 15. e5 d5
16. O-O c5 17. Qd3 Qc7 18. b4 Nac6 19. bxc5 bxc5 20. Rfe1 Nb4 21. Qe2 Nxa2 22.
Nxa2 O-O 23. Qd2 Kh7 24. Nc3 Rf7 25. Ne2 d4 26. Qd3 Raf8 27. g3 Qc6 28. Kg2 Bxe5
29. h5 Bxf4 30. Nxf4 Rxf4 31. gxf4 Rxf4 32. hxg6+ Nxg6 33. Rb1 Rxf3 34. Rxb7+
Qxb7 35. Rb1 Qxb1 36. Kxf3 Qb7+ 37. Kg3 Kg7 38. Qc4 Qf3+ 0-1

[Event "I Miedzynarodowy Festiwal Szachowy "Puchar Baltyku" - Open A"]
[Site "Darlowko"]
[Date "1899-12-30"]
[Round "8.13"]
[White "Kindler, Przemyslaw"]
[Black "Szymczak, Zbigniew"]
[Result "0-1"]
[WhiteTitle "k"]
[BlackTitle "IM"]
[WhiteElo "2103"]
[BlackElo "2154"]

1. e4 g6 2. d4 Bg7 3. c4 d6 4. Be3 c5 5. Nc3 cxd4 6. Bxd4 Nf6 7. c5 O-O 8. cxd6
exd6 9. Bc4 Nc6 10. Nge2 Nxd4 11. Qxd4 Re8 12. O-O Nxe4 13. Bxf7+ Kxf7 14. Qd5+
Kf8 15. Nxe4 Re5 16. Qd3 Qe7 17. N2g3 Be6 18. Rad1 Rd8 19. f4 Rd5 20. Qf3 Rxd1
21. Rxd1 d5 22. Ng5 Bg8 23. h4 Bxb2 24. f5 Kg7 25. Qg4 Kh8 26. Nxh7 gxf5 27. Qg5
Qxg5 28. Nxg5 f4 29. Nf5 Bf6 30. Nf3 Bh7 31. N5d4 Re8 32. Kf2 Be4 33. Nb5 Bd8
34. Nd6 Bb6+ 35. Kf1 Re7 36. Ng5 Bc5 37. Ndf7+ Kg7 38. Nd8 Kf6 39. Nxe4+ dxe4
40. Ke2 Bb6 41. h5 Rc7 42. Rd5 Rc2+ 43. Kd1 Rxg2 44. h6 Rh2 45. Nxb7 Rh1+ 46.
Kc2 f3 47. h7 Rxh7 48. Nd6 Rh2+ 49. Rd2 Rxd2+ 50. Kxd2 e3+ 51. Ke1 Ba5+ 0-1